<?xml version="1.0" encoding="UTF-8"?>
<record
    xmlns:xsi="http://www.w3.org/2001/XMLSchema-instance"
    xsi:schemaLocation="http://www.loc.gov/MARC21/slim http://www.loc.gov/standards/marcxml/schema/MARC21slim.xsd"
    xmlns="http://www.loc.gov/MARC21/slim">

  <leader>02095nam a22002777a 4500</leader>
  <controlfield tag="003">CUTN</controlfield>
  <controlfield tag="005">20230510120639.0</controlfield>
  <controlfield tag="008">230510b        |||||||| |||| 00| 0 eng d</controlfield>
  <datafield tag="020" ind1=" " ind2=" ">
    <subfield code="a">9789387867642</subfield>
  </datafield>
  <datafield tag="041" ind1=" " ind2=" ">
    <subfield code="a">English</subfield>
  </datafield>
  <datafield tag="082" ind1=" " ind2=" ">
    <subfield code="2">23rd</subfield>
    <subfield code="a">581.92</subfield>
    <subfield code="b">ARB</subfield>
  </datafield>
  <datafield tag="100" ind1=" " ind2=" ">
    <subfield code="a">Agnes Arber</subfield>
  </datafield>
  <datafield tag="245" ind1=" " ind2=" ">
    <subfield code="a">Water plants : A Study of Aquatic Angiosperms</subfield>
  </datafield>
  <datafield tag="260" ind1=" " ind2=" ">
    <subfield code="a">Chennai:</subfield>
    <subfield code="b">Maven Books,</subfield>
    <subfield code="c">&#xA9; 2020.</subfield>
  </datafield>
  <datafield tag="300" ind1=" " ind2=" ">
    <subfield code="a">xvi, 436 p.:</subfield>
    <subfield code="b">ill.;</subfield>
    <subfield code="c">23cm.</subfield>
  </datafield>
  <datafield tag="505" ind1=" " ind2=" ">
    <subfield code="a">
Preface;

 Part I. Water Plants as a Biological Group, with a Consideration of Certain Typical Life-histories: 

1. Water plants as a biological group; 

2. The life-history of the Alismaceae;

 3. The life-history of the Nymphaeaceae and of Limnanthemum;

 4. The life-history of Hydrocharis, Stratiotes, and other fresh-water</subfield>
  </datafield>
  <datafield tag="520" ind1=" " ind2=" ">
    <subfield code="a">Agnes Arber (1879-1960) was a prominent British botanist specialising in plant morphology and comparative anatomy. In 1946, she became the first female botanist to be elected a Fellow of the Royal Society. First published in 1920, this volume provides a detailed anatomical study of aquatic flowering plants, with a discussion of their evolutionary history. Arber describes the general anatomical and reproductive organs, life histories and physiological adaptations of aquatic plants in detail, with interpretations informed from her previous experimental work. The final section of this volume discusses the evolutionary history of aquatic plants in the light of affinities to terrestrial flowering plants. Arber's account of aquatic plants was the first general description of these plants published, and provides a classic example of the comparative anatomy studies which were central to botanical investigation during the early twentieth century. An extensive bibliography and over 170 illustrations are included in this volume</subfield>
  </datafield>
  <datafield tag="650" ind1=" " ind2=" ">
    <subfield code="a"> Aquatic plants</subfield>
  </datafield>
  <datafield tag="650" ind1=" " ind2=" ">
    <subfield code="a"> Flore d'eau douce  </subfield>
  </datafield>
  <datafield tag="650" ind1=" " ind2=" ">
    <subfield code="a">Marine plants</subfield>
  </datafield>
  <datafield tag="650" ind1=" " ind2=" ">
    <subfield code="a">Flore marine </subfield>
  </datafield>
  <datafield tag="650" ind1=" " ind2=" ">
    <subfield code="a">Freshwater plants</subfield>
  </datafield>
  <datafield tag="650" ind1=" " ind2=" ">
    <subfield code="a"> Plantes aquatiques</subfield>
  </datafield>
  <datafield tag="690" ind1=" " ind2=" ">
    <subfield code="a">Department of Horticulture</subfield>
  </datafield>
  <datafield tag="942" ind1=" " ind2=" ">
    <subfield code="2">ddc</subfield>
    <subfield code="c">TB</subfield>
  </datafield>
  <datafield tag="999" ind1=" " ind2=" ">
    <subfield code="c">38604</subfield>
    <subfield code="d">38604</subfield>
  </datafield>
  <datafield tag="952" ind1=" " ind2=" ">
    <subfield code="0">0</subfield>
    <subfield code="1">0</subfield>
    <subfield code="2">ddc</subfield>
    <subfield code="4">0</subfield>
    <subfield code="7">0</subfield>
    <subfield code="8">NFIC</subfield>
    <subfield code="a">CUTN</subfield>
    <subfield code="b">CUTN</subfield>
    <subfield code="c">500</subfield>
    <subfield code="d">2023-05-10</subfield>
    <subfield code="l">1</subfield>
    <subfield code="m">2</subfield>
    <subfield code="o">581.92 ARB</subfield>
    <subfield code="p">46061</subfield>
    <subfield code="r">2025-08-08 10:32:41</subfield>
    <subfield code="s">2025-05-19</subfield>
    <subfield code="w">2023-05-10</subfield>
    <subfield code="y">TB</subfield>
  </datafield>
</record>
